<?xml version="1.0" encoding="UTF-8"?>
<record
    xmlns:xsi="http://www.w3.org/2001/XMLSchema-instance"
    xsi:schemaLocation="http://www.loc.gov/MARC21/slim http://www.loc.gov/standards/marcxml/schema/MARC21slim.xsd"
    xmlns="http://www.loc.gov/MARC21/slim">

  <leader>01441nam0a2200361   4500</leader>
  <controlfield tag="001">RU\NLR\BIBL_A\011367746</controlfield>
  <controlfield tag="005">20241213173301.0</controlfield>
  <datafield tag="010" ind1=" " ind2=" ">
    <subfield code="a">978-5-4470-0238-1</subfield>
    <subfield code="b">&#x41A;&#x43E;&#x43C;&#x441;&#x43E;&#x43C;&#x43E;&#x43B;&#x44C;&#x441;&#x43A;&#x430;&#x44F; &#x43F;&#x440;&#x430;&#x432;&#x434;&#x430;</subfield>
  </datafield>
  <datafield tag="010" ind1=" " ind2=" ">
    <subfield code="a">978-5-4475-8746-8</subfield>
    <subfield code="b">&#x414;&#x438;&#x440;&#x435;&#x43A;&#x442;-&#x41C;&#x435;&#x434;&#x438;&#x430;</subfield>
  </datafield>
  <datafield tag="021" ind1=" " ind2=" ">
    <subfield code="a">RU</subfield>
    <subfield code="b">2017-18081</subfield>
    <subfield code="9">1331</subfield>
  </datafield>
  <datafield tag="035" ind1=" " ind2=" ">
    <subfield code="a">(NLR Aleph) 011367746</subfield>
  </datafield>
  <datafield tag="090" ind1=" " ind2=" ">
    <subfield code="a">11333446</subfield>
    <subfield code="c">11333446</subfield>
  </datafield>
  <datafield tag="100" ind1=" " ind2=" ">
    <subfield code="a">20170414d2017    u  y0rusy50      ca</subfield>
  </datafield>
  <datafield tag="101" ind1="0" ind2=" ">
    <subfield code="a">rus</subfield>
  </datafield>
  <datafield tag="102" ind1=" " ind2=" ">
    <subfield code="a">RU</subfield>
  </datafield>
  <datafield tag="105" ind1=" " ind2=" ">
    <subfield code="a">a|||z   000zb</subfield>
  </datafield>
  <datafield tag="200" ind1="1" ind2=" ">
    <subfield code="a">&#x413;&#x43E;&#x442;&#x43B;&#x438;&#x431; &#x42D;&#x43B;&#x438;&#x44D;&#x43B;&#x44C; &#x421;&#x430;&#x430;&#x440;&#x438;&#x43D;&#x435;&#x43D; (1873-1950)</subfield>
    <subfield code="f">[&#x430;&#x432;&#x442;. &#x442;&#x435;&#x43A;&#x441;&#x442;&#x430; &#x421;. &#x421;. &#x41B;&#x435;&#x432;&#x43E;&#x448;&#x43A;&#x43E;]</subfield>
  </datafield>
  <datafield tag="210" ind1=" " ind2=" ">
    <subfield code="a">&#x41C;&#x43E;&#x441;&#x43A;&#x432;&#x430;</subfield>
    <subfield code="c">&#x41A;&#x43E;&#x43C;&#x441;&#x43E;&#x43C;&#x43E;&#x43B;&#x44C;&#x441;&#x43A;&#x430;&#x44F; &#x43F;&#x440;&#x430;&#x432;&#x434;&#x430;</subfield>
    <subfield code="c">&#x414;&#x438;&#x440;&#x435;&#x43A;&#x442;-&#x41C;&#x435;&#x434;&#x438;&#x430;</subfield>
    <subfield code="d">2017</subfield>
  </datafield>
  <datafield tag="215" ind1=" " ind2=" ">
    <subfield code="a">69, [2] &#x441;.</subfield>
    <subfield code="c">&#x438;&#x43B;., &#x446;&#x432;. &#x438;&#x43B;.</subfield>
    <subfield code="d">31</subfield>
  </datafield>
  <datafield tag="225" ind1="1" ind2=" ">
    <subfield code="a">&#x412;&#x435;&#x43B;&#x438;&#x43A;&#x438;&#x435; &#x430;&#x440;&#x445;&#x438;&#x442;&#x435;&#x43A;&#x442;&#x43E;&#x440;&#x44B;</subfield>
    <subfield code="v">&#x442;. 55</subfield>
  </datafield>
  <datafield tag="300" ind1=" " ind2=" ">
    <subfield code="a">&#x417;&#x430;&#x433;&#x43B;. &#x43E;&#x431;&#x43B;.: &#x421;&#x430;&#x430;&#x440;&#x438;&#x43D;&#x435;&#x43D;</subfield>
  </datafield>
  <datafield tag="300" ind1=" " ind2=" ">
    <subfield code="a">&#x410;&#x432;&#x442;. &#x443;&#x43A;&#x430;&#x437;&#x430;&#x43D; &#x432; &#x432;&#x44B;&#x43F;. &#x434;&#x430;&#x43D;.</subfield>
  </datafield>
  <datafield tag="333" ind1=" " ind2=" ">
    <subfield code="a">6+</subfield>
  </datafield>
  <datafield tag="512" ind1="1" ind2=" ">
    <subfield code="a">&#x421;&#x430;&#x430;&#x440;&#x438;&#x43D;&#x435;&#x43D;</subfield>
  </datafield>
  <datafield tag="600" ind1=" " ind2="1">
    <subfield code="a">&#x421;&#x430;&#x430;&#x440;&#x438;&#x43D;&#x435;&#x43D;</subfield>
    <subfield code="b">&#x413;.&#x42D;.</subfield>
    <subfield code="f">1873 - 1950</subfield>
    <subfield code="g">&#x413;&#x43E;&#x442;&#x43B;&#x438;&#x431; &#x42D;&#x43B;&#x438;&#x44D;&#x43B;&#x44C;</subfield>
    <subfield code="9">2323679</subfield>
    <subfield code="3">RU\NLR\AUTH\6601614634</subfield>
  </datafield>
  <datafield tag="686" ind1=" " ind2=" ">
    <subfield code="a">&#x41D;0(4&#x424;&#x43D;)6-8&#x421;&#x430;&#x430;&#x440;&#x438;&#x43D;&#x435;&#x43D; &#x413;.&#x42D;.4&#x44F;6</subfield>
    <subfield code="2">rubbk</subfield>
  </datafield>
  <datafield tag="686" ind1="1" ind2=" ">
    <subfield code="a">&#x429;113(4&#x424;&#x43D;)6-8&#x421;&#x430;&#x430;&#x440;&#x438;&#x43D;&#x435;&#x43D;</subfield>
  </datafield>
  <datafield tag="700" ind1=" " ind2="1">
    <subfield code="a">&#x41B;&#x435;&#x432;&#x43E;&#x448;&#x43A;&#x43E;</subfield>
    <subfield code="b">&#x421;. &#x421;.</subfield>
    <subfield code="g">&#x421;&#x432;&#x435;&#x442;&#x43B;&#x430;&#x43D;&#x430; &#x421;&#x435;&#x440;&#x433;&#x435;&#x435;&#x432;&#x43D;&#x430;</subfield>
  </datafield>
  <datafield tag="702" ind1=" " ind2="1">
    <subfield code="a">&#x421;&#x430;&#x430;&#x440;&#x438;&#x43D;&#x435;&#x43D;</subfield>
    <subfield code="b">&#x413;.&#x42D;.</subfield>
    <subfield code="f">1873-1950</subfield>
    <subfield code="g">&#x413;&#x43E;&#x442;&#x43B;&#x438;&#x431; &#x42D;&#x43B;&#x438;&#x44D;&#x43B;&#x44C;</subfield>
    <subfield code="4">570</subfield>
  </datafield>
  <datafield tag="942" ind1=" " ind2=" ">
    <subfield code="c">BOOK</subfield>
  </datafield>
  <datafield tag="980" ind1=" " ind2=" ">
    <subfield code="a">NBR</subfield>
  </datafield>
</record>
